Bandeiras dos Países e Estados soberanos na década de 1990 - Statistics

Estatísticas Gerais
  • Esse quiz foi jogado 36 vezes
  • A pontuação média é 76 de 217
Estatísticas das Respostas
Imagem Resposta % Correto
Chipre
100%
Coreia do Sul
100%
Japão
100%
Afeganistão
63%
Chipre do Norte
63%
Vaticano
63%
Argentina
44%
Azerbaijão
44%
Brasil
44%
Burundi
44%
Eritréia
44%
Grécia
44%
Guiana
44%
Santa Lúcia
44%
Somália
44%
Uruguai
44%
África do Sul
38%
Albânia
38%
Alemanha, Alemanha Ocidental
38%
Andorra
38%
Arábia Saudita
38%
Argélia
38%
Armênia
38%
Austrália
38%
Áustria
38%
Bahamas
38%
Bahrein
38%
Bangladesh
38%
Barbados
38%
Bélgica
38%
Belize
38%
Benim
38%
Bielorrússia
38%
Bósnia e Herzegovina
38%
Botswana
38%
Brunei
38%
Bulgária
38%
Burkina Faso
38%
Butão
38%
Cabo Verde
38%
Camarões
38%
Camboja
38%
Canadá
38%
Catar
38%
Cazaquistão
38%
Chile
38%
China
38%
Colômbia
38%
Costa do Marfim
38%
Costa Rica
38%
Croácia
38%
Cuba
38%
Dinamarca
38%
Djibouti
38%
Dominica
38%
Egito
38%
El Salvador
38%
Emirados Árabes Unidos
38%
Equador
38%
Eslováquia
38%
Eslovênia
38%
Estados Federados da Micronésia
38%
Estados Unidos
38%
Estônia
38%
Etiópia
38%
Fiji
38%
Filipinas
38%
Finlândia
38%
França
38%
Gabão
38%
Gâmbia
38%
Gana
38%
Granada
38%
Guatemala
38%
Guiné Equatorial
38%
Haiti
38%
Honduras
38%
Hungria
38%
Índia
38%
Indonésia
38%
Irã
38%
Irlanda
38%
Islândia
38%
Israel
38%
Itália
38%
Jamaica
38%
Jordânia
38%
Kuwait
38%
Laos
38%
Letônia
38%
Libano
38%
Libéria
38%
Liechtenstein
38%
Lituânia
38%
Luxemburgo
38%
Macedônia
38%
Madagascar
38%
Malásia
38%
Malawi
38%
Maldivas
38%
Mali
38%
Malta
38%
Marrocos
38%
México
38%
Moçambique
38%
Mónaco
38%
Mongólia
38%
Namíbia
38%
Nauru
38%
Nicarágua
38%
Níger
38%
Nigéria
38%
Noruega
38%
Nova Zelândia
38%
Omã
38%
Países Baixos
38%
Palau
38%
Palestina
38%
Panama
38%
Paquistão
38%
Paraguai
38%
Peru
38%
Polônia
38%
Portugal
38%
Quênia
38%
Quirguistão
38%
Reino Unido
38%
República Centro Africana
38%
República Checa, Tchecoslosváquia
38%
República do Congo
38%
República Dominicana
38%
Rússia
38%
Samoa
38%
San Marino
38%
São Tomé e Príncipe
38%
Senegal
38%
Seychelles
38%
Singapura
38%
Síria
38%
Sudão
38%
Suécia
38%
Suíça
38%
Tailândia
38%
Taiwan
38%
Tajiquistão
38%
Tanzânia
38%
Togo
38%
Tonga
38%
Tunísia
38%
Turquia
38%
Tuvalu
38%
Ucrânia
38%
União Soviética
38%
Vanuatu
38%
Venezuela
38%
Vietna
38%
Zâmbia
38%
Alemanha Oriental
31%
Angola
31%
Antígua e Barbuda
31%
Chade
31%
Coreia do Norte
31%
Espanha
31%
Guiné
31%
Guiné Bissau
31%
Iêmen
31%
Ilhas Marshall
31%
Ilhas Salomão
31%
Iraque
31%
Iugoslávia
31%
Mauritânia
31%
Moldávia
31%
Nepal
31%
Papua nova Guiné
31%
Quiribati
31%
Romênia
31%
Ruanda
31%
São Cristóvão e Nevis
31%
São Vicente e Granadinas
31%
Sri Lanka
31%
Suazilândia
31%
Trinidad e Tobago
31%
Turcomenistão
31%
Uganda
31%
Uzbequistão
31%
Zaire
31%
Zimbabué
31%
Bolívia
25%
Líbia
25%
República Popular da Mongólia
25%
República Socialista Popular da Albânia
25%
Sérvia e Montenegro
25%
Abecásia
19%
Artsaque
19%
Ossétia do Sul
19%
República Árabe Saharaui Democrática
19%
República Popular da Bulgária
19%
Serra Leoa
19%
Somalilândia
19%
Transnistria
19%
Bósnia Ocidental
13%
Bougainville
13%
Comores
13%
República Democrática Popular da Etiópia
13%
República Democrática Popular do Iêmen
13%
Chechênia
6%
Estado do Camboja
6%
Geórgia
6%
Lesoto
6%
Maurícios
6%
Mianmar
6%
República Árabe do Iêmen
6%
República Democrática do Congo
6%
República do Afeganistão
6%
República Popular do Benim
6%
República Popular do Congo
6%
Tartaristão
6%
Nenhum quiz correspondente encontrado
Distribuição das Pontuações
Porcentagem de Pessoas com Cada Pontuação
Percentil de Números Respondidos
Sua Pontuação Histórica
Você não jogou esse quiz